Les revues littéraires de l'Espagne pendant la première moitié du XIXe siècle / (Record no. 90277)

MARC details
000 -LEADER
campo de control de longitud fija 00602nam a2200169 i 4500
001 - NÚMERO DE CONTROL
campo de control 90277
003 - IDENTIFICADOR DE NÚMERO DE CONTROL
campo de control ES-MaACL
005 - FECHA Y HORA DE LA ÚLTIMA TRANSACCIÓN
campo de control 20230906180411.0
007 - CAMPO FIJO DE DESCRIPCIÓN FÍSICA--INFORMACIÓN GENERAL
campo de control de longitud fija t|
008 - DATOS DE LONGITUD FIJA--INFORMACIÓN GENERAL
campo de control de longitud fija 050119s1909 fr ||||1| fre d
100 1# - ENTRADA PRINCIPAL--NOMBRE DE PERSONA
Nombre de persona Le Gentil, Georges.
9 (RLIN) 70883
245 14 - MENCIÓN DEL TÍTULO
Título Les revues littéraires de l'Espagne pendant la première moitié du XIXe siècle /
Mención de responsabilidad, etc. aperçu bibliographique par Georges Le Gentil.
260 ## - PUBLICACIÓN, DISTRIBUCIÓN, ETC.
Lugar de publicación, distribución, etc. Paris :
Nombre del editor, distribuidor, etc. Hachette,
Fecha de publicación, distribución, etc. 1909 (
Lugar de fabricación/manufactura Bordeaux :
Fabricante G. Gounouilhou)
300 ## - DESCRIPCIÓN FÍSICA
Extensión XX, 156 p. ;
Dimensiones 25 cm.
650 #4 - PUNTO DE ACCESO ADICIONAL DE MATERIA--TÉRMINO DE MATERIA
Término de materia o nombre geográfico como elemento de entrada Literatura-
Subdivisión de forma Publicaciones periódicas-
Subdivisión geográfica España.
9 (RLIN) 14490
852 ## - LOCALIZACIÓN
Ubicación ES-MaACL
Número de control de estantería B-1342
Holdings
Estatus retirado Estado de pérdida Estado de daño No para préstamo Biblioteca de origen Biblioteca actual Ubicación en estantería Fecha de adquisición Fuente de adquisición Total de préstamos Signatura topográfica completa Código de barras Visto por última vez Precio de reemplazo Tipo de ítem Koha
        Biblioteca del Ateneo de Madrid Biblioteca del Ateneo de Madrid Sala Pardo Bazán 17/01/2008     B-1342 1094271 23/02/2023 23/02/2023 Libro impreso